Tratado de la responsabiblidad civil / (Registro nro. 147469)
[ vista simple ]
| 000 -LEADER | |
|---|---|
| fixed length control field | 01668cam a2200277 4500 |
| 008 - FIXED-LENGTH DATA ELEMENTS--GENERAL INFORMATION | |
| fixed length control field | 030917s1999 ag 000 0 spa u |
| 020 ## - INTERNATIONAL STANDARD BOOK NUMBER | |
| International Standard Book Number | 9505085273 |
| 050 04 - LIBRARY OF CONGRESS CALL NUMBER | |
| Classification number | KKH834 |
| Item number | V57 1999 |
| 100 1# - MAIN ENTRY--PERSONAL NAME | |
| Personal name | Visintini, Giovanna. |
| 245 10 - TITLE STATEMENT | |
| Title | Tratado de la responsabiblidad civil / |
| Statement of responsibility, etc | Giovanna Visintini; traducción de Aída Kemelmajer de Carlucci; colaboración de María L. Atienza Navarro...[et..al]. |
| 260 ## - PUBLICATION, DISTRIBUTION, ETC. (IMPRINT) | |
| Place of publication, distribution, etc | Buenos Aires, Argentina : |
| Name of publisher, distributor, etc | Astrea de Alfredo y Ricardo Depalma, |
| Date of publication, distribution, etc | 1999 |
| 300 ## - PHYSICAL DESCRIPTION | |
| Extent | 2 v. ; 23 cm. |
| 500 ## - GENERAL NOTE | |
| General note | Título original en italiano : Trattato breve della responsabilitá civile. |
| 500 ## - GENERAL NOTE | |
| General note | Recursos de la Dirección General de Bibliotecas. |
| 504 ## - BIBLIOGRAPHY, ETC. NOTE | |
| Bibliography, etc | Incluye bibliografía e índice alfabético |
| 505 00 - FORMATTED CONTENTS NOTE | |
| Formatted contents note | Contenido : |
| Miscellaneous information | V.1. |
| Title | La culpa como criterio de imputación de la responsabilidad. Incumplimiento y responsabiblidad del deudor. Culpa aquiliana y culpa contractual. La culpa profesional. El dolo. -- |
| Miscellaneous information | V.2. |
| Title | El daño. Otros criterios de imputación. Imputabilidad y causas de justificación. Daño resarcible y nexo causal. Responsabilidad por el hecho ajeno. Daños derivados de las cosas inanimadas, de los animales, de los productos defectuosos y de la actividad peligrosa. |
| 650 10 - SUBJECT ADDED ENTRY--TOPICAL TERM | |
| Topical term or geographic name as entry element | Actos ilícitos |
| Geographic subdivision | Italia |
| 650 20 - SUBJECT ADDED ENTRY--TOPICAL TERM | |
| Topical term or geographic name as entry element | Responsabilidad extracontractual |
| Geographic subdivision | Italia |
| 700 1# - ADDED ENTRY--PERSONAL NAME | |
| Personal name | Kemelmajer de Carlucci, Aída, |
| Relator term | traducción. |
| 700 1# - ADDED ENTRY--PERSONAL NAME | |
| Personal name | Atienza Navarro, María L., |
| Relator term | colaboración. |
| 700 1# - ADDED ENTRY--PERSONAL NAME | |
| Personal name | Bossio, Paz, |
| Relator term | colaboración. |
| 700 1# - ADDED ENTRY--PERSONAL NAME | |
| Personal name | Espinoza-Espinoza, Juan, |
| Relator term | colaboración. |
| 700 1# - ADDED ENTRY--PERSONAL NAME | |
| Personal name | Longhin, Fabricio, |
| Relator term | colaboración. |
| 700 1# - ADDED ENTRY--PERSONAL NAME | |
| Personal name | Woolcott Oyagüe, Olenka, |
| Relator term | colaboración. |
| 942 ## - ADDED ENTRY ELEMENTS (KOHA) | |
| Source of classification or shelving scheme | Biblioteca del Cogreso de los Estados Unidos |
| Koha item type | Libro |
| Estado de pérdida | Fuente de clasificación | Estado del daño | No para préstamo | Ubicación permanente | Ubicación actual | Apartado o colección | Fecha de adquisición | Edición | Enumeración de Serie / Cronológica | Dependencia de educación superior (DES) | Área del conocimiento | Total Checkouts | Clasificación | Código de Barras | Date last seen | Número de copia | Costo por reposición | Tipo de recurso |
|---|---|---|---|---|---|---|---|---|---|---|---|---|---|---|---|---|---|---|
| Biblioteca del Cogreso de los Estados Unidos | Biblioteca de la Facultad de Derecho y Ciencias Sociales "Felipe J. Tena" | Biblioteca de la Facultad de Derecho y Ciencias Sociales "Felipe J. Tena" | General | 04/05/2022 | 1a ed. | V:1 | Derecho | Ciencias Sociales y Administrativas | KKH834 V57 1999 | BFD000013132 | 04/05/2022 | 1 | 1.00 | Libro | ||||
| Biblioteca del Cogreso de los Estados Unidos | Biblioteca de la Facultad de Derecho y Ciencias Sociales "Felipe J. Tena" | Biblioteca de la Facultad de Derecho y Ciencias Sociales "Felipe J. Tena" | General | 04/05/2022 | 1a ed. | V:2 | Derecho | Ciencias Sociales y Administrativas | KKH834 V57 1999 | BFD000013133 | 04/05/2022 | 2 | 1.00 | Libro |